Science Quiz

Random Science or Chemistry Quiz

Elements Not Ending in 'M' or 'N' Quiz Stats

 Plays Quiz Updated Nov 30, 2016

Challenge
Share
Tweet
Embed
Score 0/20 Timer 04:00
1 Play Today
Element % Correct
Gold
89.3%
Silver
87.6%
Copper
68%
Lead
65.9%
Chlorine
63.1%
Fluorine
60.6%
Mercury
57.1%
Iodine
56.3%
Zinc
56.2%
Sulfur
52.4%
Element % Correct
Bromine
48.9%
Phosphorus
48.7%
Cobalt
46.3%
Manganese
45.5%
Nickel
43.7%
Arsenic
41.9%
Antimony
36.5%
Astatine
32%
Bismuth
28%
Tennessine
22.7%

You're not logged in!

Compare scores with friends on all Sporcle quizzes.
OR
Log In

You Might Also Like...

Show Comments

Extras

Top Quizzes Today


Score Distribution

Your Account Isn't Verified!

In order to create a playlist on Sporcle, you need to verify the email address you used during registration. Go to your Sporcle Settings to finish the process.

Report this User

Report this user for behavior that violates our Community Guidelines.

Details: